Essai sur Tite Live / (Record no. 165986)
[ view plain ]
| 000 -LEADER | |
|---|---|
| campo de control de longitud fija | 00707nam a2200205 i 4500 |
| 001 - NÚMERO DE CONTROL | |
| campo de control | 165986 |
| 003 - IDENTIFICADOR DE NÚMERO DE CONTROL | |
| campo de control | ES-MaACL |
| 005 - FECHA Y HORA DE LA ÚLTIMA TRANSACCIÓN | |
| campo de control | 20251015063148.0 |
| 008 - DATOS DE LONGITUD FIJA--INFORMACIÓN GENERAL | |
| campo de control de longitud fija | 950504s1860 fr |||| | fre d |
| 040 ## - FUENTE DE CATALOGACIÓN | |
| Centro catalogador/agencia de origen | EUS |
| Lengua de catalogación | spa |
| Centro/agencia transcriptor | EUS |
| 100 1# - ENTRADA PRINCIPAL--NOMBRE DE PERSONA | |
| Nombre de persona | Taine, Hippolyte, |
| Fechas asociadas al nombre | 1828-1893 |
| 9 (RLIN) | 109085 |
| 245 10 - MENCIÓN DEL TÍTULO | |
| Título | Essai sur Tite Live / |
| Mención de responsabilidad, etc. | par H. Taine. |
| 250 ## - MENCION DE EDICION | |
| Mención de edición | 2e éd. |
| 260 ## - PUBLICACIÓN, DISTRIBUCIÓN, ETC. | |
| Lugar de publicación, distribución, etc. | Paris : |
| Nombre del editor, distribuidor, etc. | Librairie de L. Hachette et Cie, |
| Fecha de publicación, distribución, etc. | 1860 ( |
| Fabricante | Imprimerie de Ch. Lahure et Cie.) |
| 300 ## - DESCRIPCIÓN FÍSICA | |
| Extensión | VIII, 348 p. ; |
| Dimensiones | 18 cm. |
| 500 ## - NOTA GENERAL | |
| Nota general | Ouvrage couronné par l'Académie Française. |
| 600 17 - PUNTO DE ACCESO ADICIONAL DE MATERIA--NOMBRE DE PERSONA | |
| Nombre de persona | Livio, Tito, |
| Fechas asociadas al nombre | 59 a.C.-17 d.C. |
| Fuente del encabezamiento o término | embne |
| 9 (RLIN) | 72600 |
| 852 ## - LOCALIZACIÓN | |
| Ubicación | ES-MaACL |
| Número de control de estantería | F-11769 |
| Nota libre | -- Enc. pasta española |
| Estatus retirado | Estado de pérdida | Estado de daño | No para préstamo | Colección | Biblioteca de origen | Biblioteca actual | Ubicación en estantería | Fecha de adquisición | Fuente de adquisición | Total de préstamos | Signatura topográfica completa | Código de barras | Visto por última vez | Precio de reemplazo | Tipo de ítem Koha |
|---|---|---|---|---|---|---|---|---|---|---|---|---|---|---|---|
| Libros del s. XIX | Biblioteca del Ateneo de Madrid | Biblioteca del Ateneo de Madrid | Sala Pecera Planta 2 | 17/01/2008 | F-11769 | 1174074 | 23/02/2023 | 23/02/2023 | Libro impreso antiguo |
